Statistics for All Teams To Ever Make The UEFA Champions League

Click here to take the quiz!

General Stats

  • This quiz has been taken 198 times
    (101 since last reset)
  • The average score is 102 of 149

Answer Stats

Country#Team% Correct
England15Liverpool
96%
England25Manchester United
96%
England20Arsenal
95%
Germany27Bayern Munich
95%
England13Manchester City
95%
France16Paris Saint-Germain
95%
England19Chelsea
94%
Monaco9Monaco
94%
Netherlands18Ajax
93%
Spain28Barcelona
93%
Scotland12Celtic
93%
France16Lyon
93%
France11Marseille
93%
Scotland11Rangers
93%
Spain28Real Madrid
93%
Portugal18Benfica
92%
Germany18Borussia Dortmund
92%
Italy17Inter Milan
92%
Italy23Juventus
92%
Italy20Milan
92%
Portugal27Porto
92%
Spain14Atlético Madrid
90%
Ukraine18Dynamo Kyiv
90%
Italy11Roma
90%
Spain9Sevilla
90%
Portugal10Sporting CP
90%
England6Tottenham Hotspur
90%
Netherlands17PSV Eindhoven
89%
Netherlands6Feyenoord
88%
Italy7Lazio
88%
Italy8Napoli
88%
Denmark6Copenhagen
87%
Turkey17Galatasaray
87%
England3Newcastle United
87%
Germany13Bayer Leverkusen
86%
England1Leicester City
86%
Germany6RB Leipzig
86%
Austria6Red Bull Salzburg
86%
Czech Republic7Sparta Prague
86%
Belgium12Anderlecht
84%
Portugal3Braga
84%
Russia12CSKA Moscow
84%
Spain12Valencia
84%
Croatia8Dinamo Zagreb
83%
France7Lille
83%
Russia9Zenit Saint Petersburg
83%
Greece20Olympiacos
82%
Spain2Athletic Bilbao
81%
Austria1Austria Wien
81%
Belgium10Club Brugge
81%
Turkey6Fenerbahçe
81%
Sweden3Malmö FF
80%
Switzerland8Basel
78%
Serbia3Red Star Belgrade
78%
Russia12Spartak Moscow
78%
Germany3VfL Wolfsburg
78%
Greece5AEK Athens
77%
Germany8Schalke 04
77%
Czech Republic2Slavia Prague
77%
Turkey8Beşiktaş
76%
France4Bordeaux
76%
Poland2Legia Warsaw
76%
Russia6Lokomotiv Moscow
76%
Israel2Maccabi Tel Aviv
76%
Italy3Atalanta
75%
Ukraine18Shakhtar Donetsk
75%
Spain4Villarreal
75%
Switzerland3Young Boys
75%
Germany3Borussia Mönchengladbach
73%
Israel3Maccabi Haifa
73%
Spain3Real Sociedad
73%
Belgium3Genk
72%
Austria2Rapid Wien
72%
Romania7FCSB
71%
Spain1Real Betis
71%
Belgium1Antwerp
70%
Italy3Fiorentina
70%
Germany2Hamburger SV
70%
Cyprus4APOEL
69%
Spain5Deportivo La Coruña
69%
France3Lens
69%
Bulgaria1Levski Sofia
69%
Spain1Málaga
69%
Germany3VfB Stuttgart
69%
Germany7Werder Bremen
69%
Greece9Panathinaikos
67%
Belgium1Gent
66%
Croatia1Hajduk Split
66%
France2Nantes
66%
Netherlands1AZ
65%
Germany1Union Berlin
65%
Switzerland1Zürich
65%
Germany1Eintracht Frankfurt
64%
Israel1Hapoel Tel Aviv
64%
Germany1Hertha BSC
64%
England1Leeds United
64%
Austria3Sturm Graz
64%
France1Montpellier
63%
Norway11Rosenborg
63%
Moldova1Sheriff Tiraspol
63%
Netherlands1Twente
61%
Kazakhstan1Astana
60%
Belarus5BATE Borisov
60%
Italy1Parma
60%
Serbia2Partizan
60%
France1Rennes
60%
Italy1Udinese
59%
England1Blackburn Rovers
58%
Finland1HJK
58%
Norway1Molde
58%
Romania3CFR Cluj
57%
Hungary2Ferencváros
57%
Belgium1Standard Liège
57%
Russia1Krasnodar
54%
Azerbaijan1Qarabağ
54%
Czech Republic4Viktoria Plzeň
54%
Germany1Kaiserslautern
53%
Slovenia3Maribor
53%
Bulgaria2Ludogorets Razgrad
52%
Turkey1Trabzonspor
52%
Sweden4IFK Göteborg
51%
Turkey1İstanbul Başakşehir
51%
Spain1Mallorca
51%
Spain1Celta Vigo
48%
Germany11899 Hoffenheim
47%
Sweden1AIK
46%
France3Auxerre
46%
Switzerland2Grasshopper
46%
Russia2Rubin Kazan
45%
Portugal2Boavista
42%
Denmark2Aalborg
41%
Denmark1Brøndby
39%
Denmark1Midtjylland
37%
Russia1Rostov
37%
Turkey1Bursaspor
36%
Netherlands1Heerenveen
36%
Hungary1Debrecen
34%
Netherlands1Willem II
31%
Poland1Widzew Łódź
30%
Slovakia1Košice
28%
Denmark1Nordsjælland
28%
Cyprus1Anorthosis
25%
Belgium1Lierse
25%
Switzerland1Thun
25%
Sweden1Helsingborg
23%
Romania1Oțelul Galați
20%
Romania1Unirea Urziceni
20%
Slovakia1Žilina
20%
Slovakia1Petržalka
18%

Score Distribution

Percentile by Number Answered

Percent of People with Each Score

Your Score History

You have not taken this quiz since the last reset